<?xml version="1.0" encoding="UTF-8"?>
<record
    xmlns:xsi="http://www.w3.org/2001/XMLSchema-instance"
    xsi:schemaLocation="http://www.loc.gov/MARC21/slim http://www.loc.gov/standards/marcxml/schema/MARC21slim.xsd"
    xmlns="http://www.loc.gov/MARC21/slim">

  <leader>00919cam2a2200289   4500</leader>
  <datafield tag="999" ind1=" " ind2=" ">
    <subfield code="c">6955</subfield>
    <subfield code="d">6955</subfield>
  </datafield>
  <datafield tag="020" ind1=" " ind2=" ">
    <subfield code="a">9789862894590</subfield>
    <subfield code="c">360</subfield>
  </datafield>
  <datafield tag="100" ind1=" " ind2=" ">
    <subfield code="a">&#x8521;&#x7DEF;&#x6631;</subfield>
  </datafield>
  <datafield tag="245" ind1=" " ind2=" ">
    <subfield code="a">DISC&#x8B58;&#x4EBA;&#x6E9D;&#x901A;&#x5B78; &#x8DDF;&#x8AB0;&#x90FD;&#x80FD;&#x5408;&#x5F97;&#x4F86;&#x7684;&#x4EBA;&#x969B;&#x7D93;&#x71DF;&#x8853;</subfield>
    <subfield code="c">&#x8521;&#x7DEF;&#x6631;</subfield>
  </datafield>
  <datafield tag="250" ind1=" " ind2=" ">
    <subfield code="a">&#x521D;&#x7248;</subfield>
  </datafield>
  <datafield tag="260" ind1="1" ind2=" ">
    <subfield code="a">&#x53F0;&#x5317;&#x5E02;</subfield>
    <subfield code="c">2019.04</subfield>
  </datafield>
  <datafield tag="942" ind1=" " ind2=" ">
    <subfield code="2">ccl</subfield>
    <subfield code="c">BOOK</subfield>
  </datafield>
  <datafield tag="952" ind1=" " ind2=" ">
    <subfield code="0">0</subfield>
    <subfield code="1">0</subfield>
    <subfield code="2">ccl</subfield>
    <subfield code="4">0</subfield>
    <subfield code="7">0</subfield>
    <subfield code="a">yeezen</subfield>
    <subfield code="b">yeezen</subfield>
    <subfield code="c">YEEZEN</subfield>
    <subfield code="d">2019-07-23</subfield>
    <subfield code="l">11</subfield>
    <subfield code="m">5</subfield>
    <subfield code="o">494.35</subfield>
    <subfield code="p">C02551</subfield>
    <subfield code="r">2023-03-28 00:00:00</subfield>
    <subfield code="s">2023-03-01</subfield>
    <subfield code="w">2019-07-23</subfield>
    <subfield code="y">BOOK</subfield>
    <subfield code="z">&#x6E9D;&#x901A;&#x4E0D;&#x5148;&#x770B;&#x500B;&#x6027;&#xFF0C;&#x5F88;&#x5BB9;&#x6613;&#x51FA;&#x4EBA;&#x547D;&#xFF01; &#x638C;&#x63E1;DISC&#x56DB;&#x578B;&#x6027;&#x683C;&#x5BC6;&#x78BC;&#xFF0C;&#x7CBE;&#x6E96;&#x6E9D;&#x901A;&#x4F86;&#x81EA;&#x770B;&#x7A7F;&#x5C0D;&#x65B9;&#x500B;&#x6027;&#x3002; &#x8B93;&#x4F60;&#x770B;&#x5C0D;&#x4EBA;&#x3001;&#x8AAA;&#x5C0D;&#x8A71;&#x3001;&#x8FA6;&#x5C0D;&#x4E8B;&#x3002; &#x4EA4;&#x5230;&#x597D;&#x53CB;&#x3001;&#x6DF1;&#x53D7;&#x6B61;&#x8FCE;&#x3001;&#x4EBA;&#x969B;&#x6EFF;&#x5206;&#x3002; &#x793E;&#x4EA4;&#x4E0D;&#x5361;&#x95DC;&#x3001;&#x6E9D;&#x901A;&#x4E0D;&#x885D;&#x7A81;&#x3002; &#x8DDF;&#x8AB0;&#x90FD;&#x80FD;&#x5408;&#x5F97;&#x4F86;&#x3002;</subfield>
  </datafield>
</record>
